Identification with the organisation and corruption (Record no. 44156)

000 -LEADER
fixed length control field 01739pab a2200193 454500
008 - FIXED-LENGTH DATA ELEMENTS--GENERAL INFORMATION
fixed length control field 180718b1999 xxu||||| |||| 00| 0 eng d
100 ## - MAIN ENTRY--PERSONAL NAME
Personal name Das, S.K.
245 ## - TITLE STATEMENT
Title Identification with the organisation and corruption
260 ## - PUBLICATION, DISTRIBUTION, ETC.
Date of publication, distribution, etc. 1999
300 ## - PHYSICAL DESCRIPTION
Extent p.27-44
362 ## - DATES OF PUBLICATION AND/OR SEQUENTIAL DESIGNATION
Dates of publication and/or sequential designation Jul-Sep
520 ## - SUMMARY, ETC.
Summary, etc. When employees identify with the organisation, they are induced to use the goals of the organisation as the basis of their action. Such identification restrains corrupt behaviour. The shared commitment to the goals of the organisation produces a common understanding about what is desirable and undesirable behaviour, and since the use of office for private gains detracts from the goals of the organisation, it becomes undesirable behaviour. This paper argues that the civil servants in India do not identify either with the organisations they work in or with the civil service as a group. The members of the all-India Services do not identify with the departments they work in because of their short stay in the departments; neither do they identify with their respective Service cadre organisations because the Service organisations have forfeited the attribute needed to create and nurture the required esprit de corps. For the large majority of civil servants in India who are recruited to a department and spend their entire official career spanning thirty to thirty-five years in these departments, there is the opposite of identification - a deep-seated sense of disenchantment and fundamental alienation from the organisation. - Reproduced
650 ## - SUBJECT ADDED ENTRY--TOPICAL TERM
Topical term or geographic name entry element Corruption - India
650 ## - SUBJECT ADDED ENTRY--TOPICAL TERM
Topical term or geographic name entry element Organizations - India
650 ## - SUBJECT ADDED ENTRY--TOPICAL TERM
Topical term or geographic name entry element Civil service - India
650 ## - SUBJECT ADDED ENTRY--TOPICAL TERM
Topical term or geographic name entry element Civil service
773 ## - HOST ITEM ENTRY
Main entry heading Management in Government
909 ## -
-- 44156
Holdings
Withdrawn status Lost status Damaged status Not for loan Permanent Location Current Location Date acquired Serial Enumeration / chronology Barcode Date last seen Price effective from Koha item type
        Indian Institute of Public Administration Indian Institute of Public Administration 2018-07-19 Volume no: 31, Issue no: 2 AR44564 2018-07-19 2018-07-19 Articles

Powered by Koha